Resources and man: A study and recommendations

Peace, population, and resources are the central interlocking variables whose unsatisfactory management threatens our options.

Đã lưu trong:
Bibliografiske detaljer
Institution som forfatter: Committee on Resources and man of the Division of Earth Sciences
Format: Bog
Sprog:Undetermined
Udgivet: San Francisco, California W. H. Freeman 1969
Fag:
Tags: Tilføj Tag
Ingen Tags, Vær først til at tagge denne postø!
Thư viện lưu trữ: Trung tâm Học liệu Trường Đại học Cần Thơ
LEADER 00778nam a2200193Ia 4500
001 CTU_43153
008 210402s9999 xx 000 0 und d
082 |a 333.715 
082 |b C734 
110 |a Committee on Resources and man of the Division of Earth Sciences 
245 0 |a Resources and man: A study and recommendations 
245 0 |c Committee on Resources and man of the Division of Earth Sciences 
260 |a San Francisco, California 
260 |b W. H. Freeman 
260 |c 1969 
520 |a Peace, population, and resources are the central interlocking variables whose unsatisfactory management threatens our options. 
650 |a Natural resources,Tài nguyên thiên nhiên 
904 |i Trúc 
980 |a Trung tâm Học liệu Trường Đại học Cần Thơ